000 00488nam a2200169Ia 4500
020 _a0710210973(hb)
082 _a297.4
_bNAS
_cL31,P-197
245 _aIslamic Spirituality:
_bfoundations.
260 _aLondon:
_bRoutledge and Kegan Paul,
_c1987.
300 _a450p.
526 _a0
_b0
_c0
_d297_400000000000000_NAS
650 _aMCE
_9379
650 _aMysticism -- Islam.
_937375
650 _aSpirituality.
_937419
700 _aHossein Nasr, Seyyed. (ed.).
_937420
942 _2ddc
_cBK
999 _c542286
_d542286